000 00477nam a2200181Ia 4500
001 7610
003 GE_BSU
008 181216s||||||||xx |||||||||||||| ||und||
040 _cGE_BSU
245 _aНеврологический журнал, №3 том 18 2013.
245 _bJournal of Neorology.
245 _cгл. ред.Н.Н. ЯХНО и др.
260 _aмосква.
260 _bМедицина.
260 _c2013.
300 _a56ст;29см.
942 _cCR
999 _c40962
_d40962